| 000 | 00751nam a22002057a 4500 | ||
|---|---|---|---|
| 005 | 20251108164159.0 | ||
| 008 | 250721s1994 xx 000 0 ara d | ||
| 082 | 1 | 4 | _a301.32/ما |
| 100 | 1 |
_aلورى، آن مازور _eمؤلف |
|
| 245 | 1 | 0 |
_aما وراء الأرقام : _bقراءات في السكان و الإستهلاك و البيئة / |
| 264 | 1 |
_aالقاهرة : _bالجمعية المصرية لنشر المعرفة و الثقافة العالمية، _c1994. |
|
| 300 | _a248ص | ||
| 650 | 1 | 7 | _aالسكان |
| 650 | 1 | 7 | _aالبيئة |
| 650 | 1 | 7 | _aتحديد النسل |
| 700 | 1 |
_aهداره، سيد رمضان _eترجمة |
|
| 700 | 1 |
_aخيري، ناديه حافظ _eترجمة |
|
| 942 |
_2ddc _cBK |
||
| 999 |
_c5664 _d5664 |
||